[Event "C.to Europeo U16"]
[Site "Fermo ITA"]
[Date "2009.09.01"]
[Round "2"]
[White "Stella, Andrea"]
[Black "Colon Garcia, Enrique"]
[Result "1-0"]
[WhiteElo "2301"]
[BlackElo "2173"]
[PlyCount "39"]
[EventDate "2009.08.31"]

1. d4 Nf6 2. c4 e6 3. Nf3 b6 4. a3 Bb7 5. Nc3 d5 6. cxd5 Nxd5 7. Qc2 g6 8. Bg5
f6 9. Bd2 Nd7 10. e4 Nxc3 11. Bxc3 Bg7 12. Bc4 Qe7 13. O-O O-O 14. d5 exd5 15.
exd5 Kh8 16. Rfe1 Qd8 17. Nd4 Re8 18. Ne6 Qc8 19. Re3 Nc5 20. Rh3 1-0

[Event "C.to Europeo U16"]
[Site "Fermo ITA"]
[Date "2009.09.01"]
[Round "2"]
[White "Szabo, Bence"]
[Black "Schnegg, Daniel"]
[Result "0-1"]
[WhiteElo "2243"]
[BlackElo "2092"]
[PlyCount "74"]
[EventDate "2009.08.31"]

1. d4 d6 2. c4 e5 3. d5 g6 4. e4 Nd7 5. Nc3 a5 6. Bd3 Bg7 7. Nge2 Ne7 8. O-O
O-O 9. Bc2 Nc5 10. a3 f5 11. exf5 gxf5 12. f4 Ng6 13. Be3 Qe7 14. Qd2 Bd7 15.
Rae1 Qh4 16. b3 Rae8 17. fxe5 Nxe5 18. Bg5 Qh5 19. Ng3 Qg6 20. Nd1 a4 21. b4
Nxc4 22. Qc1 Rxe1 23. Rxe1 Nb3 24. Bxb3 axb3 25. Qxc4 Qxg5 26. Qxb3 Qd2 27. Re2
Bd4+ 28. Kh1 Re8 29. Rxe8+ Bxe8 30. Qf3 Bh5 31. Qxf5 Qxd1+ 32. Nf1 Qg4 33. Qc2
Qe2 34. Qf5 Qf2 35. Qc8+ Qf8 36. Qe6+ Kh8 37. Ng3 Bg6 0-1

[Event "C.to Europeo U16"]
[Site "Fermo ITA"]
[Date "2009.09.01"]
[Round "2"]
[White "Tsirekidze, Giorgi"]
[Black "Andreev, Sasho"]
[Result "1/2-1/2"]
[WhiteElo "1864"]
[BlackElo "2090"]
[PlyCount "109"]
[EventDate "2009.08.31"]

1. d4 Nf6 2. c4 e6 3. Nc3 Bb4 4. e3 Bxc3+ 5. bxc3 b6 6. f3 d6 7. Bd3 Qe7 8. Ne2
c5 9. e4 e5 10. Be3 Nc6 11. O-O h6 12. Qc2 Bd7 13. f4 exd4 14. cxd4 Nb4 15. Qb1
Nxd3 16. Qxd3 Qxe4 17. Qd2 Bf5 18. Rfe1 O-O 19. Ng3 Qd3 20. d5 Rfe8 21. Rad1
Qxd2 22. Rxd2 Bc8 23. Rc2 Ng4 24. Bd2 Rxe1+ 25. Bxe1 Bd7 26. Re2 Kf8 27. Bc3 f5
28. h3 Nf6 29. Bxf6 gxf6 30. Rb2 Kf7 31. Kf2 Kg6 32. Ne2 Bc8 33. a4 Ba6 34. Rc2
Re8 35. Ng3 Re7 36. h4 Bc8 37. h5+ Kf7 38. Re2 Rb7 39. Rb2 Ke7 40. Ke3 Kd8 41.
Kf2 Rg7 42. Kf3 Kc7 43. Re2 Bd7 44. Re3 Kd8 45. Ra3 Bc8 46. Rc3 Re7 47. Kf2 Kc7
48. Re3 Rxe3 49. Kxe3 a6 50. Kd3 Bd7 51. Kc3 b5 52. a5 Bc8 53. Kb3 bxc4+ 54.
Kxc4 Kd8 55. Kc3 1/2-1/2

[Event "C.to Europeo U16"]
[Site "Fermo ITA"]
[Date "2009.09.01"]
[Round "2"]
[White "Van Kampen, Robin"]
[Black "Kaforos, Dimitrios-Alkis"]
[Result "1-0"]
[WhiteElo "2383"]
[BlackElo "2209"]
[PlyCount "59"]
[EventDate "2009.08.31"]

1. e4 c5 2. Nf3 d6 3. d4 cxd4 4. Nxd4 Nf6 5. Nc3 g6 6. g3 Nc6 7. Nde2 Bg7 8.
Bg2 O-O 9. O-O Rb8 10. a4 a6 11. h3 b5 12. axb5 axb5 13. Re1 Bd7 14. Nd5 Qc8
15. Kh2 Nxd5 16. exd5 Ne5 17. Nd4 Bf6 18. Ra2 Qc5 19. Be3 Qc7 20. b3 g5 21. Qh5
Ng6 22. Nc6 Bxc6 23. dxc6 Ra8 24. Rxa8 Rxa8 25. Bxg5 Bd4 26. Be3 Bc3 27. Rd1 b4
28. Qg4 Ra5 29. Qd7 Qxd7 30. cxd7 1-0

[Event "C.to Europeo U16"]
[Site "Fermo ITA"]
[Date "2009.09.01"]
[Round "2"]
[White "Vandevenne, Sander"]
[Black "Rombaldoni, Brian"]
[Result "1-0"]
[WhiteElo "2043"]
[BlackElo "1831"]
[PlyCount "157"]
[EventDate "2009.08.31"]

1. e4 c6 2. d4 d5 3. e5 c5 4. Nf3 Nc6 5. c3 e6 6. Bd3 Qb6 7. O-O Bd7 8. dxc5
Bxc5 9. b4 Be7 10. a4 a6 11. Re1 d4 12. a5 Qc7 13. Nxd4 Nxe5 14. Be3 Nf6 15.
Be2 O-O 16. Nb3 Nd5 17. Bc5 Bc6 18. Qc1 Ng6 19. N1d2 Rfd8 20. Nc4 Bxc5 21. Nxc5
Qf4 22. g3 Qc7 23. Bf1 Bb5 24. Ne3 Bxf1 25. Rxf1 b6 26. Nxd5 Rxd5 27. axb6 Qxb6
28. Qe3 Ne5 29. Qe2 a5 30. c4 Rxc5 31. bxc5 Qxc5 32. Rfe1 Nc6 33. Qe3 Qxc4 34.
Rec1 Qd5 35. Qc5 Qxc5 36. Rxc5 Ra6 37. Rac1 Nd8 38. Rc8 Rd6 39. Ra8 Kf8 40.
Rxa5 Rd7 41. h4 Ke7 42. Kg2 f6 43. Rh5 h6 44. Rhc5 f5 45. f3 h5 46. R1c2 Kf6
47. Kf2 Nf7 48. Rc8 Rd8 49. R8c7 Ne5 50. Ke2 Re8 51. Ra7 Re7 52. Ra8 Nf7 53.
Ke3 Rb7 54. Rc3 Rd7 55. Ra6 Nd8 56. Rc8 Nf7 57. Rcc6 Nd8 58. Rcb6 Ke5 59. Ra8
Kf6 60. Rbb8 Nf7 61. Rf8 Rb7 62. Ra3 Rd7 63. Rb3 Ra7 64. Re8 Re7 65. Rbb8 Ra7
66. Rb3 Re7 67. Rxe7 Kxe7 68. Kf4 Kf6 69. Rb6 Ne5 70. Rb5 Nd3+ 71. Ke3 Ne5 72.
Rb8 Ng6 73. f4 Kf7 74. Kd4 Kf6 75. Kc5 e5 76. Rb6+ Kf7 77. Rxg6 exf4 78. Rg5
fxg3 79. Rxf5+ 1-0

[Event "C.to Europeo U16"]
[Site "Fermo ITA"]
[Date "2009.09.02"]
[Round "3"]
[White "Andreev, Sasho"]
[Black "Ralys, Vincas"]
[Result "1-0"]
[WhiteElo "2090"]
[BlackElo "1868"]
[PlyCount "53"]
[EventDate "2009.08.31"]

1. d4 d5 2. c4 c6 3. Nf3 Nf6 4. Nc3 dxc4 5. a4 Bf5 6. Ne5 Nbd7 7. Nxc4 Nb6 8.
Ne5 e6 9. f3 Bb4 10. Bg5 h6 11. Bh4 Nbd5 12. Qd2 Qa5 13. Nc4 Qd8 14. Bf2 O-O
15. g4 Bg6 16. Bg2 Rc8 17. e4 b5 18. Ne5 Nb6 19. axb5 cxb5 20. O-O Na4 21. Rfc1
Qa5 22. Be1 Rfd8 23. Qf2 Rxd4 24. Nxa4 Rxc1 25. Rxc1 Bxe1 26. Qxd4 bxa4 27.
Rc8+ 1-0

[Event "C.to Europeo U16"]
[Site "Fermo ITA"]
[Date "2009.09.02"]
[Round "3"]
[White "Antolin Concha, Diego"]
[Black "Kanarek, Marcel"]
[Result "0-1"]
[WhiteElo "2252"]
[BlackElo "2422"]
[PlyCount "58"]
[EventDate "2009.08.31"]

1. d4 Nf6 2. c4 g6 3. Nc3 Bg7 4. Bf4 O-O 5. Nf3 d6 6. h3 c6 7. e3 a6 8. Be2 b5
9. O-O Nbd7 10. d5 b4 11. Na4 cxd5 12. cxd5 Bb7 13. Bc4 Rc8 14. Rc1 Qa5 15. e4
Nxe4 16. Re1 Ndf6 17. b3 Rfe8 18. Be3 Nxd5 19. Bxd5 Bxd5 20. Rxc8 Rxc8 21. Bb6
Qb5 22. Nd4 Bxd4 23. Bxd4 e5 24. Nb6 Rc6 25. f3 Nc3 26. Bxc3 Qxb6+ 27. Kh2 bxc3
28. Qxd5 c2 29. Rc1 Qe3 0-1

[Event "C.to Europeo U16"]
[Site "Fermo ITA"]
[Date "2009.09.02"]
[Round "3"]
[White "Arribas Lopez, Angel"]
[Black "Seegert, Kristian"]
[Result "1-0"]
[WhiteElo "2429"]
[BlackElo "2103"]
[PlyCount "79"]
[EventDate "2009.08.31"]

1. e4 e5 2. Nf3 Nc6 3. Bb5 f5 4. d3 fxe4 5. dxe4 Nf6 6. O-O Bc5 7. Qd3 d6 8.
Nc3 Bd7 9. Qc4 Qe7 10. Bg5 a6 11. Bxc6 Bxc6 12. b4 b5 13. Qb3 Bb6 14. Nd5 Bxd5
15. exd5 Qf7 16. Bxf6 gxf6 17. a4 O-O 18. Qd3 Qg6 19. Qe2 Kh8 20. Nh4 Qg5 21.
g3 Rg8 22. Kh1 Qg4 23. Qxg4 Rxg4 24. axb5 Rxb4 25. bxa6 Rd4 26. Nf5 Rxd5 27.
Rfb1 h5 28. Rb4 Ra5 29. Rxa5 Bxa5 30. Ra4 Rxa6 31. Ne3 Ra7 32. Nc4 d5 33. Rxa5
Rxa5 34. Nxa5 Kg7 35. Kg2 Kg6 36. Kf3 Kf5 37. Nc6 Ke6 38. h4 Kd6 39. g4 e4+ 40.
Kf4 1-0

[Event "C.to Europeo U16"]
[Site "Fermo ITA"]
[Date "2009.09.02"]
[Round "3"]
[White "Baghdasaryan, Vahe"]
[Black "Grandelius, Nils"]
[Result "1-0"]
[WhiteElo "2275"]
[BlackElo "2515"]
[PlyCount "73"]
[EventDate "2009.08.31"]

1. e4 c5 2. Nf3 d6 3. d4 cxd4 4. Nxd4 Nf6 5. Nc3 e6 6. Bg5 Be7 7. f4 h6 8. Bh4
Nc6 9. Bf2 O-O 10. Qf3 Nxd4 11. Bxd4 Qa5 12. e5 dxe5 13. fxe5 Nd5 14. Bd3 f5
15. exf6 Bxf6 16. Bxf6 Rxf6 17. Qh5 Qb4 18. Qe8+ Rf8 19. Qg6 Rf6 20. Qh7+ Kf7
21. O-O-O Nxc3 22. bxc3 Qa3+ 23. Kb1 Qxc3 24. Rdf1 Rxf1+ 25. Rxf1+ Ke7 26. Qg8
Kd7 27. Rf7+ Kc6 28. Be4+ Kb5 29. Qe8+ Ka5 30. Qd8+ Ka4 31. Qe8+ b5 32. Rf3
Qe1+ 33. Kb2 Qxe4 34. Ra3+ Kb4 35. Qe7+ Kc4 36. Rc3+ Kd4 37. Qc5# 1-0

[Event "C.to Europeo U16"]
[Site "Fermo ITA"]
[Date "2009.09.02"]
[Round "3"]
[White "Binci, Luca"]
[Black "Balzano, Aldo"]
[Result "0-1"]
[WhiteElo "1675"]
[BlackElo "1853"]
[PlyCount "72"]
[EventDate "2009.08.31"]

1. d4 Nf6 2. c4 g6 3. Nc3 Bg7 4. e4 d6 5. f3 O-O 6. Be3 e5 7. d5 c6 8. Qd2 cxd5
9. cxd5 Nbd7 10. O-O-O a6 11. Kb1 b5 12. h4 Nc5 13. Bh6 b4 14. Bxg7 Kxg7 15.
Nce2 Qa5 16. h5 Nfxe4 17. fxe4 Nxe4 18. Qe3 Bf5 19. Ka1 Nc5 20. Nc1 Bc2 21. Bd3
Bxd1 22. hxg6 hxg6 23. Qh6+ Kf6 24. Qh4+ g5 25. Qh6+ Ke7 26. Qxg5+ Ke8 27. Qf6
Nxd3 28. Nxd3 Qxd5 29. Nxb4 Qe6 30. Qf1 Bg4 31. Nxa6 Ke7 32. a3 Rfc8 33. Nf3
Bxf3 34. gxf3 Qb3 35. Kb1 Rc2 36. Rh2 Qxb2# 0-1

[Event "C.to Europeo U16"]
[Site "Fermo ITA"]
[Date "2009.09.02"]
[Round "3"]
[White "Bongioanni, Alberto"]
[Black "Anaya Lopez, Gonzalo Javier"]
[Result "0-1"]
[WhiteElo "1747"]
[BlackElo "1871"]
[PlyCount "48"]
[EventDate "2009.08.31"]

1. d4 Nf6 2. c4 g6 3. Nc3 d5 4. cxd5 Nxd5 5. Nf3 Bg7 6. Qb3 Nxc3 7. bxc3 O-O 8.
Bf4 Nd7 9. e3 c5 10. Be2 cxd4 11. cxd4 Qa5+ 12. Nd2 e5 13. dxe5 Nxe5 14. Bxe5
Bxe5 15. Rc1 Rd8 16. Qc2 Bf5 17. Qd1 Bc3 18. Rxc3 Qxc3 19. f3 Qxe3 20. Rf1 Rac8
21. g4 Bc2 22. Qc1 Bd3 23. Qd1 Bxe2 24. Qxe2 Rc1# 0-1

[Event "C.to Europeo U16"]
[Site "Fermo ITA"]
[Date "2009.09.02"]
[Round "3"]
[White "Colon Garcia, Enrique"]
[Black "Martinho Mesquita Alves, Filipe"]
[Result "1-0"]
[WhiteElo "2173"]
[BlackElo "1973"]
[PlyCount "79"]
[EventDate "2009.08.31"]

1. e4 c5 2. Nf3 Nc6 3. d4 cxd4 4. Nxd4 g6 5. Nc3 Bg7 6. Be3 Nf6 7. Bc4 Qa5 8.
O-O O-O 9. Bb3 d6 10. h3 Bd7 11. Re1 b5 12. f4 Nxd4 13. Bxd4 Bc6 14. Qd3 b4 15.
Nd5 Bxd5 16. exd5 Rfe8 17. Kh2 Nd7 18. Bxg7 Kxg7 19. Re2 Nc5 20. Qd4+ f6 21.
Rae1 Kf7 22. f5 Qc7 23. Qxb4 Rab8 24. Qh4 Kg7 25. fxg6 hxg6 26. Ba4 Nxa4 27.
Qxa4 Kf7 28. b3 a5 29. Qe4 Rb7 30. Re3 Rh8 31. Rg3 Rh6 32. Qe6+ Kf8 33. Re4 Rb4
34. Rgg4 Rxe4 35. Rxe4 Rh5 36. Rc4 Qb7 37. Rc8+ Kg7 38. Rg8+ Kh6 39. Rh8+ Kg5
40. Qg4# 1-0

[Event "C.to Europeo U16"]
[Site "Fermo ITA"]
[Date "2009.09.02"]
[Round "3"]
[White "Franciosi, Fausto"]
[Black "Marconi, Gabriele"]
[Result "1-0"]
[WhiteElo "1993"]
[BlackElo "1795"]
[PlyCount "69"]
[EventDate "2009.08.31"]

1. Nf3 Nf6 2. g3 d5 3. Bg2 c6 4. O-O Bg4 5. d3 Qd7 6. Ne5 Qc8 7. Nxg4 Qxg4 8.
e4 Qxd1 9. Rxd1 e6 10. exd5 cxd5 11. c4 Nc6 12. Bg5 Be7 13. Nc3 dxc4 14. dxc4
Rc8 15. Rac1 O-O 16. h3 h6 17. Be3 a6 18. Ne4 Rfd8 19. Bb6 Rxd1+ 20. Rxd1 Nb4
21. Nxf6+ Bxf6 22. c5 Bxb2 23. Bxb7 Rb8 24. Rd7 Kf8 25. Ba7 Re8 26. c6 Nxc6 27.
Bxc6 Rc8 28. Ba4 Rc1+ 29. Rd1 Rc7 30. Be3 Ke7 31. Rb1 Be5 32. Kg2 f5 33. Rb6 g5
34. Rxa6 Kf6 35. Bb3 1-0

[Event "C.to Europeo U16"]
[Site "Fermo ITA"]
[Date "2009.09.02"]
[Round "3"]
[White "Hartl, Daniel"]
[Black "Piscitelli, Vito"]
[Result "1-0"]
[WhiteElo "2249"]
[BlackElo "2067"]
[PlyCount "51"]
[EventDate "2009.08.31"]

1. e4 c5 2. Nf3 g6 3. d4 cxd4 4. Nxd4 Bg7 5. c4 Nc6 6. Nb3 Nf6 7. Nc3 O-O 8.
Be2 d6 9. O-O Be6 10. Be3 Ne5 11. Nd2 Rc8 12. b3 Qa5 13. Rc1 Nc6 14. Ndb1 Nd7
15. a3 Kh8 16. f4 a6 17. b4 Qd8 18. f5 Nce5 19. fxe6 fxe6 20. Qb3 Nf6 21. h3
Nfd7 22. Nd2 Rxf1+ 23. Rxf1 Nf6 24. Nf3 Nxf3+ 25. Bxf3 h5 26. Ne2 1-0

[Event "C.to Europeo U16"]
[Site "Fermo ITA"]
[Date "2009.09.02"]
[Round "3"]
[White "Huseyn, Orkhan Samir Oglu"]
[Black "Firat, Burak"]
[Result "0-1"]
[WhiteElo "2121"]
[BlackElo "2310"]
[PlyCount "74"]
[EventDate "2009.08.31"]

1. d4 d5 2. c4 c6 3. Nc3 Nf6 4. Nf3 dxc4 5. a4 Bf5 6. e3 e6 7. Bxc4 Bb4 8. O-O
O-O 9. Qe2 Bg6 10. Rd1 Nbd7 11. Bd3 Bh5 12. Bb1 Qe7 13. e4 e5 14. d5 cxd5 15.
Nxd5 Nxd5 16. exd5 Bd6 17. Re1 f5 18. Qe3 Rae8 19. Nd2 Qh4 20. Nf1 f4 21. Qd3
e4 22. Rxe4 Nc5 23. Rxe8 Nxd3 24. Rxf8+ Kxf8 25. Bxd3 Bc5 26. g3 fxg3 27. hxg3
Qh3 28. Be4 Qg4 29. Bg2 Qd1 30. b4 Bxf2+ 31. Kh2 Be2 32. Bb2 Qc2 33. Be5 Qg6
34. Bh3 Qh5 35. Bd6+ Kf7 36. Ra2 Bd4 37. Rd2 Bxf1 0-1

[Event "C.to Europeo U16"]
[Site "Fermo ITA"]
[Date "2009.09.02"]
[Round "3"]
[White "Immonen, Vihtori"]
[Black "Handler, Lukas"]
[Result "0-1"]
[WhiteElo "1872"]
[BlackElo "2115"]
[PlyCount "96"]
[EventDate "2009.08.31"]

1. e4 e5 2. Nf3 Nc6 3. Bb5 a6 4. Ba4 Nf6 5. O-O Be7 6. Re1 b5 7. Bb3 d6 8. c3
O-O 9. h3 Na5 10. Bc2 c5 11. d4 Qc7 12. Nbd2 Nc6 13. d5 Nd8 14. Nf1 Ne8 15. Ne3
g6 16. a4 Rb8 17. axb5 axb5 18. b4 c4 19. Nf1 Ng7 20. Be3 f5 21. Ra7 Rb7 22.
Qa1 f4 23. Rxb7 Bxb7 24. Bd2 Nf7 25. Qb2 Ra8 26. Ra1 Qb8 27. Bc1 Bd8 28. Rxa8
Qxa8 29. Qa3 Qb8 30. g3 g5 31. g4 h5 32. N3h2 Bb6 33. Kg2 hxg4 34. hxg4 Nh8 35.
f3 Ng6 36. Qa2 Kf7 37. Bd1 Qh8 38. Qb2 Ne8 39. Qe2 Nf6 40. Bd2 Qa8 41. Be1 Nh4+
42. Kh1 Qa1 43. Bc2 Ba7 44. Qd1 Qa6 45. Bxh4 gxh4 46. Qe2 Qb6 47. Kg2 Qg1+ 48.
Kh3 Bf2 0-1

[Event "C.to Europeo U16"]
[Site "Fermo ITA"]
[Date "2009.09.02"]
[Round "3"]
[White "Kaforos, Dimitrios-Alkis"]
[Black "Pecurica, Milos"]
[Result "0-1"]
[WhiteElo "2209"]
[BlackElo "2010"]
[PlyCount "80"]
[EventDate "2009.08.31"]

1. e4 c5 2. Nf3 d6 3. d4 cxd4 4. Nxd4 Nf6 5. Nc3 Nc6 6. Bg5 e6 7. Qd2 Be7 8.
O-O-O Nxd4 9. Qxd4 O-O 10. f4 Qa5 11. Kb1 Rd8 12. Be2 Bd7 13. Bf3 Bc6 14. Rhe1
Rac8 15. Qe3 h6 16. Bh4 Ng4 17. Bxg4 Bxh4 18. g3 Bf6 19. Rd3 b5 20. Red1 b4 21.
Ne2 Ba4 22. b3 Qc7 23. R3d2 Be8 24. Nd4 Qa5 25. Rd3 Rc5 26. c4 bxc3 27. Nc2 Qc7
28. e5 Be7 29. exd6 Bxd6 30. f5 exf5 31. Rxd6 Rxd6 32. Qxe8+ Kh7 33. Rxd6 Qxd6
34. Bh5 Re5 35. Qxf7 Qb6 36. Nd4 Qa6 37. Be2 Qb6 38. Qc4 Re4 39. Bd3 Qxd4 40.
Kc2 Re2+ 0-1

[Event "C.to Europeo U16"]
[Site "Fermo ITA"]
[Date "2009.09.02"]
[Round "3"]
[White "Kokotovic, Aleksandar"]
[Black "Szabo, Bence"]
[Result "1-0"]
[WhiteElo "1967"]
[BlackElo "2243"]
[PlyCount "75"]
[EventDate "2009.08.31"]

1. e4 c5 2. Nf3 d6 3. d4 cxd4 4. Nxd4 Nf6 5. Nc3 a6 6. Be2 g6 7. Be3 Bg7 8. a4
O-O 9. O-O b6 10. f3 Bb7 11. Qd2 Nbd7 12. Nb3 Qc7 13. Rfd1 Nc5 14. Ra3 Rac8 15.
Kh1 Rfd8 16. Qe1 Nfd7 17. Nd4 Nb8 18. Nd5 Bxd5 19. exd5 Qb7 20. b4 Ncd7 21. c4
Ne5 22. Rc1 Bf6 23. f4 Ned7 24. h4 Re8 25. Bg4 Qa8 26. Qg3 a5 27. b5 Rc7 28. h5
Nf8 29. hxg6 hxg6 30. f5 Nbd7 31. fxg6 Nxg6 32. Bf5 Ndf8 33. Ne6 fxe6 34. Bxg6
Rec8 35. Be4+ Kh8 36. Qh3+ Kg8 37. Qg4+ Kh8 38. Bd4 1-0

[Event "C.to Europeo U16"]
[Site "Fermo ITA"]
[Date "2009.09.02"]
[Round "3"]
[White "Kotainy, Jens"]
[Black "Draskovic, Davor"]
[Result "1-0"]
[WhiteElo "2270"]
[BlackElo "1702"]
[PlyCount "45"]
[EventDate "2009.08.31"]

1. e4 c5 2. c3 Nf6 3. e5 Nd5 4. d4 cxd4 5. Nf3 Nc6 6. cxd4 d6 7. Bc4 Nb6 8. Bb5
d5 9. Nc3 Bg4 10. Be3 e6 11. h3 Bh5 12. O-O Be7 13. Rc1 O-O 14. Be2 Rc8 15. Nd2
Bxe2 16. Qxe2 Na5 17. b3 Ba3 18. Rc2 Qd7 19. Ndb1 Bb4 20. Rfc1 Rc7 21. f4 Nc8
22. Qg4 Ne7 23. Ne4 1-0

[Event "C.to Europeo U16"]
[Site "Fermo ITA"]
[Date "2009.09.02"]
[Round "3"]
[White "Kovalev, Vladislav"]
[Black "Aghasaryan, Robert"]
[Result "1/2-1/2"]
[WhiteElo "2307"]
[BlackElo "2240"]
[PlyCount "66"]
[EventDate "2009.08.31"]

1. e4 c5 2. Nf3 e6 3. Nc3 d6 4. d4 cxd4 5. Nxd4 Nf6 6. Be2 Nc6 7. O-O Be7 8.
Be3 O-O 9. f4 e5 10. Nb3 exf4 11. Bxf4 Be6 12. Qd2 d5 13. exd5 Nxd5 14. Nxd5
Qxd5 15. Qxd5 Bxd5 16. Rad1 Rad8 17. c3 Bf6 18. Rd2 Rfe8 19. Bd3 Be4 20. Bc4
Bg6 21. Nc5 Rxd2 22. Bxd2 Ne5 23. Bb5 Rd8 24. Bf4 b6 25. Nb3 Nd3 26. Bxd3 Rxd3
27. Re1 h5 28. Kf2 Kh7 29. a4 Rd5 30. Re2 Bf5 31. Rd2 Be6 32. Rxd5 Bxd5 33. Nd4
Bxd4+ 1/2-1/2

[Event "C.to Europeo U16"]
[Site "Fermo ITA"]
[Date "2009.09.02"]
[Round "3"]
[White "Lortkipanidze, Nodar"]
[Black "Davi, Alessandro"]
[Result "1/2-1/2"]
[WhiteElo "2218"]
[BlackElo "2027"]
[PlyCount "68"]
[EventDate "2009.08.31"]

1. e4 c5 2. Nf3 Nc6 3. b3 Nf6 4. e5 Nd5 5. Bb2 e6 6. c4 Nc7 7. Nc3 d5 8. exd6
Bxd6 9. d4 O-O 10. Be2 b6 11. dxc5 Bxc5 12. O-O Bb7 13. a3 Qxd1 14. Rfxd1 Rfd8
15. b4 Be7 16. Nb5 Ne8 17. Rab1 a5 18. bxa5 Nxa5 19. Bd4 Bc5 20. Bxc5 bxc5 21.
Ne5 Be4 22. Rxd8 Rxd8 23. Rd1 Rxd1+ 24. Bxd1 f6 25. Nd7 Bd3 26. Nxc5 Bxc4 27.
Nd4 Kf7 28. f3 Ke7 29. Bc2 g6 30. Kf2 Nc7 31. h4 e5 32. Ne2 f5 33. Nd3 Nb5 34.
f4 exf4 1/2-1/2

[Event "C.to Europeo U16"]
[Site "Fermo ITA"]
[Date "2009.09.02"]
[Round "3"]
[White "Mammadov, Zaur Fazahir Oglu"]
[Black "Vandevenne, Sander"]
[Result "1-0"]
[WhiteElo "2235"]
[BlackElo "2043"]
[PlyCount "71"]
[EventDate "2009.08.31"]

1. e4 e6 2. d4 d5 3. Nc3 Bb4 4. exd5 exd5 5. Nf3 Ne7 6. Bd3 O-O 7. O-O Bf5 8.
Bf4 Bxd3 9. Qxd3 Bxc3 10. Qxc3 Na6 11. Qb3 Qc8 12. Rae1 Ng6 13. Bg3 Rd8 14. h4
c5 15. h5 Nf8 16. h6 Ne6 17. Qe3 Nb4 18. Qd2 Nc6 19. dxc5 Ne7 20. Nd4 Nxd4 21.
Rxe7 Nf5 22. Rc7 Qe6 23. Rxb7 Nxh6 24. Re1 Qg6 25. Qd3 Nf5 26. Re5 Qc6 27. Qb5
Qxb5 28. Rxb5 Nd4 29. Rb7 Ne6 30. b4 a5 31. c6 axb4 32. c7 Rdc8 33. Rxd5 Rxa2
34. Rb8 Ra8 35. Rxa8 Rxa8 36. Rb5 1-0

[Event "C.to Europeo U16"]
[Site "Fermo ITA"]
[Date "2009.09.02"]
[Round "3"]
[White "Nestorovic, Lazar"]
[Black "Ballas, Kleon-Evangelos"]
[Result "1/2-1/2"]
[WhiteElo "2240"]
[BlackElo "1859"]
[PlyCount "50"]
[EventDate "2009.08.31"]

1. e4 c6 2. d4 d5 3. e5 Bf5 4. Nc3 e6 5. g4 Bg6 6. Nge2 c5 7. h4 h6 8. Be3 Nc6
9. h5 Bh7 10. Qd2 cxd4 11. Nxd4 Nge7 12. f4 Nxd4 13. Bxd4 Nc6 14. O-O-O Bb4 15.
a3 Nxd4 16. Qxd4 Bxc3 17. Bb5+ Kf8 18. Qxc3 Rc8 19. Qb4+ Qe7 20. Qxe7+ Kxe7 21.
c3 Be4 22. Rhf1 g6 23. hxg6 fxg6 24. Bd3 Bxd3 25. Rxd3 Rcf8 1/2-1/2

[Event "C.to Europeo U16"]
[Site "Fermo ITA"]
[Date "2009.09.02"]
[Round "3"]
[White "Pavlidis, Antonios"]
[Black "Sochacki, Christophe"]
[Result "1-0"]
[WhiteElo "2360"]
[BlackElo "2274"]
[PlyCount "99"]
[EventDate "2009.08.31"]

1. e4 c5 2. Nf3 d6 3. d4 cxd4 4. Nxd4 Nf6 5. Nc3 g6 6. Be3 Bg7 7. f3 O-O 8. Qd2
Nc6 9. O-O-O d5 10. exd5 Nxd5 11. Nxc6 bxc6 12. Bd4 Nxc3 13. Qxc3 Bh6+ 14. Be3
Bxe3+ 15. Qxe3 Qb6 16. Qxe7 Be6 17. Qa3 Rad8 18. Bd3 Rd5 19. Rhe1 Ra5 20. Qc3
Rxa2 21. b3 Bd5 22. h4 Qa5 23. Qxa5 Rxa5 24. Kb2 Be6 25. Ra1 Rh5 26. Rxa7 Rxh4
27. Rc7 Rh2 28. Re2 Rb8 29. Rxc6 Kg7 30. c4 h5 31. Kc3 h4 32. b4 Ra8 33. b5
Ra3+ 34. Kd4 Bf5 35. Bxf5 gxf5 36. Ra6 Rxf3 37. Raa2 Rb3 38. Kc5 f4 39. b6 Kg6
40. Reb2 Rxb2 41. Rxb2 f3 42. b7 fxg2 43. Rb1 Rh1 44. b8=Q h3 45. Qg3+ Kh7 46.
Qh4+ Kg7 47. Qg4+ Kf8 48. Rb8+ Ke7 49. Qg5+ Kd7 50. Qd5+ 1-0

[Event "C.to Europeo U16"]
[Site "Fermo ITA"]
[Date "2009.09.02"]
[Round "3"]
[White "Pozueta Alegria, Adrian"]
[Black "Schneider, Rafael"]
[Result "1-0"]
[WhiteElo "2022"]
[BlackElo "1823"]
[PlyCount "73"]
[EventDate "2009.08.31"]

1. e4 c5 2. Nc3 Nc6 3. g3 g6 4. Bg2 Bg7 5. d3 d6 6. Be3 e6 7. Qd2 Rb8 8. Nd1 b5
9. Ne2 Ne5 10. h3 Ne7 11. O-O O-O 12. Bh6 d5 13. Bxg7 Kxg7 14. f4 Nd7 15. f5
dxe4 16. fxe6 exd3 17. Qxd3 fxe6 18. Rxf8 Qxf8 19. Ne3 Nf5 20. Nf4 Qe7 21. Re1
Nxe3 22. Rxe3 Nf6 23. Nd5 Nxd5 24. Qxd5 Rb6 25. Qe5+ Kg8 26. Rd3 c4 27. Rd4 h6
28. Kh2 Kh7 29. h4 Qg7 30. Qxg7+ Kxg7 31. Rd8 Ba6 32. Rd7+ Kf6 33. Rxa7 e5 34.
g4 Bc8 35. Kg3 b4 36. Bd5 Ba6 37. Rf7# 1-0

[Event "C.to Europeo U16"]
[Site "Fermo ITA"]
[Date "2009.09.02"]
[Round "3"]
[White "Rombaldoni, Brian"]
[Black "Marchetti, Michael"]
[Result "1-0"]
[WhiteElo "1831"]
[BlackElo "1503"]
[PlyCount "43"]
[EventDate "2009.08.31"]

1. b3 c5 2. Bb2 Nf6 3. e3 Nc6 4. f4 d6 5. Nf3 Bf5 6. Bb5 a6 7. Bxc6+ bxc6 8.
O-O g6 9. d3 Bg7 10. e4 Bd7 11. Nbd2 Qc7 12. e5 dxe5 13. Bxe5 Qb6 14. Nc4 Qb7
15. Qe1 O-O 16. Ng5 h6 17. Ne4 Nxe4 18. Bxg7 Kxg7 19. Qxe4 e6 20. Qe5+ Kh7 21.
Qxc5 Qb5 22. Qe7 1-0

[Event "C.to Europeo U16"]
[Site "Fermo ITA"]
[Date "2009.09.02"]
[Round "3"]
[White "Rossi, Nicolo' N."]
[Black "Foster, James M."]
[Result "0-1"]
[WhiteElo "1721"]
[BlackElo "1867"]
[PlyCount "94"]
[EventDate "2009.08.31"]

1. e4 e6 2. d4 d5 3. exd5 exd5 4. Nf3 Bd6 5. c4 Nf6 6. Bg5 dxc4 7. Bxc4 O-O 8.
O-O Bf5 9. Nc3 Nbd7 10. Re1 c6 11. Qb3 Qc7 12. d5 b5 13. Be2 b4 14. dxc6 Nc5
15. Qxb4 Nd3 16. Qb5 Nxe1 17. Qxf5 Nxf3+ 18. Bxf3 Bxh2+ 19. Kh1 Be5 20. Nb5 Qe7
21. Re1 Rae8 22. Bf4 g6 23. Qd3 Qb4 24. Bd2 Qh4+ 25. Kg1 Qh2+ 26. Kf1 Qh1+ 27.
Ke2 Bc3+ 28. Kd1 Rxe1+ 29. Bxe1 Qxe1+ 30. Kc2 Be5 31. Qe3 Qxe3 32. fxe3 a6 33.
Nd4 Rc8 34. Kd3 Kf8 35. b4 Ke7 36. a4 Kd6 37. b5 axb5 38. axb5 Kc5 39. Be2 Bxd4
40. exd4+ Kxb5 41. Bf3 Rxc6 42. Bxc6+ Kxc6 43. Kc4 Nd5 44. Kd3 Nf4+ 45. Ke4
Nxg2 46. Ke5 h5 47. d5+ Kd7 0-1

[Event "C.to Europeo U16"]
[Site "Fermo ITA"]
[Date "2009.09.02"]
[Round "3"]
[White "Rzayev, Bahruz Iqbal Oglu"]
[Black "Schaerer, Julian"]
[Result "1-0"]
[WhiteElo "2228"]
[BlackElo "1975"]
[PlyCount "53"]
[EventDate "2009.08.31"]

1. e4 c5 2. Nf3 d6 3. d4 cxd4 4. Nxd4 Nf6 5. Nc3 a6 6. Rg1 Nc6 7. g4 e6 8. g5
Nd7 9. Be3 Qc7 10. f4 b5 11. Qd2 Nb6 12. O-O-O Bd7 13. Qf2 Rb8 14. f5 b4 15.
fxe6 fxe6 16. Nb1 Nxd4 17. Rxd4 a5 18. g6 hxg6 19. Rxg6 e5 20. Rd1 Nc4 21. Bg5
a4 22. b3 Na5 23. Rd3 Rc8 24. Rf3 axb3 25. axb3 Bg4 26. Bb5+ Bd7 27. Re6+ 1-0

[Event "C.to Europeo U16"]
[Site "Fermo ITA"]
[Date "2009.09.02"]
[Round "3"]
[White "Schnegg, Daniel"]
[Black "Stella, Andrea"]
[Result "1/2-1/2"]
[WhiteElo "2092"]
[BlackElo "2301"]
[PlyCount "33"]
[EventDate "2009.08.31"]

1. e4 e6 2. d4 d5 3. Nc3 Bb4 4. e5 b6 5. Qg4 Bf8 6. Bg5 Qd7 7. f4 Nc6 8. Nf3
Bb7 9. a3 h6 10. Bh4 Nge7 11. Bd3 Nf5 12. Bf2 O-O-O 13. Qh3 h5 14. O-O-O Be7
15. g3 Na5 16. Qf1 Kb8 17. Ng5 1/2-1/2